Religious Fundamentalism and Social Identity : (Record no. 612579)

MARC details
000 -LEADER
fixed length control field 00496nam a2200193 a 4500
008 - FIXED-LENGTH DATA ELEMENTS--GENERAL INFORMATION
fixed length control field 260214s2007##################000#0#eng##
020 ## - INTERNATIONAL STANDARD BOOK NUMBER
ISBN 9780415416764
082 04 - DEWEY DECIMAL CLASSIFICATION NUMBER
Classification number 306.6
Item number HER
100 1# - MAIN ENTRY--AUTHOR NAME
Personal name Herriot, Peter,
245 10 - TITLE STATEMENT
Title Religious Fundamentalism and Social Identity :
260 ## - PUBLICATION, DISTRIBUTION, ETC. (IMPRINT)
Year of publication 2007.
300 ## - PHYSICAL DESCRIPTION
Number of Pages 152 pages
650 #0 - SUBJECT ADDED ENTRY--TOPICAL TERM
Topical Term Psychology.
942 ## - ADDED ENTRY ELEMENTS (KOHA)
Koha item type English Books
Holdings
Withdrawn status Lost status Damaged status Not for loan Home library Current library Shelving location Date acquired Full call number Accession Number Price effective from Koha item type
        Anna Centenary Library Anna Centenary Library 3RD FLOOR, B WING 14.02.2026 306.6 HER 148292 14.02.2026 English Books

Find us on the map